zpět

Detail výsledku týmu

Suzie's, Brno

Datum a čas kvízu

16.5 Celkem bodů Celkový počet nahraných bodů na tomto kvízu bez doplňovacích otázek.
8. Pořadí na kvízu Konečné umístění týmu na tomto kvízu.

Zaznamenané odpovědi

# Otázka Odpověď Body Výsledky
1. Tento týden samozřejmě nesmí c... Dagmar Hájková 0
2. Letadlo na lince z Paříže do k... usnul 0
3. V noci z neděle na pondělí min... Adolescent (Adolescence) 1
4. Finská firma Bluefors uzavřela... na Měsíci 0
5. Jak se jmenuje český skokan do... Jan Štefela 0
6. Ve spolupráci s Radou Evropy j... 1D 2A 3B 4C 1
7. Pokud vám prozradíme, že červe... július 1
8. Jak se jmenuje autonomní oblas... Vojvodina 1
9. Která z těchto knih nebyla nap... B 0
10. Pozoruhodným jazykem je velšti... slunéčko (beruška) 0